000 00414nam a2200181Ia 4500
005 20240902114303.0
008 131103s9999 xx 000 0 und d
020 _cRs.28
040 _aLoreto College
041 _aEnglish
082 _a891.43
_bWBB
245 _aPath sankalan
_b ix & x
260 _aKolkata
_bWBBSE
_c2006
300 _a224p.
650 _aHindi language
850 _aLCBED
942 _cBK
999 _c35451
_d85930